1985 1765 1068 1771 1383 1863 1278 1677 1957 1937 1760 1012 1550 1943 1264 1911 1297 1624 1967 1618 1807 1117 1761 1626 1782 1454 1614 1458 1381 1300 1145 1895 1886 1809 1914 1203 1908 1805 1114 1386 1994 1437 1306 1771 1295 1332 1282 1884 1746 1020 1119 1380 1544 1696 1616 1554 1922 1216 1886 1915 1057 1623 1475 1507 1199 1881 1751 1346 1446 1953 1123 1670 1497 1272 1873 1565 1435 1268 1695 1130 1302 1212 1272 1347 1601 1780 1806 1769 1336 1687 1229 1137 1439 1574 1181 1027 1716 1537 1799 BCNSPRNW ULIB Ver.6.0+V

เปลี่ยนเป็นภาษาไทย

Change to English
 แสดงรายละเอียดบรรณานุกรม
  กลับหน้าหลัก

Brief Record : Get Marc (ISO 2709) : E-mail record : QR code < ปิดหน้าต่าง
LEADER : 00000nam 2200000uu 4500
001    13399126411
003     ULIB
008    020711s2018 th a 000 0 eng d
020    ^a9781496351364
060    ^aWY86^bL913L
100    ^aLucy Hood RN, DNSc
245    ^aLeddy & Pepper s Professional Nursing
250    ^a9th ed
260    ^aPhiladelphia :^bWolters Kluwer,^c2018
300    ^a610 pages;^b26 cm
650    ^aNursing Theory
650    ^aNursing-trends
945    ^p2618^l0^i004636
999    ^aประนอม เกษจรัล
รายการนี้ยังไม่มีแท็ก
คุณยังไม่ได้ล็อกอิน คุณสามารถมีกิจกรรมร่วมกับเว็บไซต์ได้ แต่ต้องล็อกอินก่อน ::
  ล็อกอิน

รายการสื่อสารสนเทศ

ลำดับที่ ประเภท เลขเรียก/บาร์โค้ด สถานที่ สถานะ
1. Book การพยาบาล
หนังสือสำรอง
สถานะ=หนังสือสำรอง
WY86 L913L ฉ.1 
  Barcode: 004636
ห้องสมุดวิทยาเขตสวรรค์ประชารักษ์
►หนังสือทั่วไป
บนชั้น

รายการใกล้เคียง
    ชื่อเรื่อง [Leddy & Pepper s Professional Nursing]

    ผู้แต่ง [Lucy Hood RN, DNSc]

    หัวเรื่อง [Nursing Theory]
    หัวเรื่อง [Nursing-trends]

BibComment


ยังไม่เคยถูกคอมเมนท์

คอมเมนท์ทรัพยากรรายการนี้
  คอมเมนท์: Leddy Pepper s ..


 Copyright 2026. Bcnsprnw @Library